Basic econometrics / (Record no. 60854)
[ view plain ]
| 000 -LEADER | |
|---|---|
| fixed length control field | 01241nam a22003257a 4500 |
| 005 - DATE AND TIME OF LATEST TRANSACTION | |
| control field | 20230921133648.0 |
| 010 ## - LCCN (DPL NO) | |
| LC control number | ENG-104717 B-524240 |
| 020 ## - INTERNATIONAL STANDARD BOOK NUMBER | |
| International Standard Book Number | 9780071333450 |
| Terms of availability | 599.00 |
| 020 ## - INTERNATIONAL STANDARD BOOK NUMBER | |
| International Standard Book Number | 0071333452 |
| Terms of availability | 599.00 |
| 035 ## - SYSTEM CONTROL NUMBER | |
| System control number | EN-88250 |
| 035 ## - SYSTEM CONTROL NUMBER | |
| System control number | B-524240 |
| 035 ## - SYSTEM CONTROL NUMBER | |
| System control number | B-489881-884 |
| 037 ## - SOURCE OF ACQUISITION | |
| Source of stock number/acquisition | DBAD/PUB |
| 037 ## - SOURCE OF ACQUISITION | |
| Source of stock number/acquisition | BSB/Ven |
| 082 ## - DEWEY DECIMAL CLASSIFICATION NUMBER | |
| Classification number | 330.0182 |
| 100 1# - MAIN ENTRY--PERSONAL NAME | |
| Personal name | Damodaran N. Gujarati |
| 245 ## - TITLE STATEMENT | |
| Title | Basic econometrics / |
| Statement of responsibility, etc | by Damodaran N. Gujarati, Dawn C. Porter [and] Sangeetha Gunasekar |
| 250 ## - EDITION STATEMENT | |
| Edition statement | 5th ed |
| 260 ## - PUBLICATION, DISTRIBUTION, ETC. (IMPRINT) | |
| Place of publication, distribution, etc | New Delhi |
| Name of publisher, distributor, etc | Tata McGraw-Hill |
| Date of publication, distribution, etc | 2012 |
| 270 ## - ADDRESS | |
| Address | 7 West Patel Nagar |
| City | New Delhi |
| Postal code | 110001 |
| 300 ## - PHYSICAL DESCRIPTION | |
| Extent | xxiii,886p. |
| Dimensions | 24cm(pbk) |
| 500 ## - GENERAL NOTE | |
| General note | Includes bibliographical references and index |
| 650 ## - SUBJECT ADDED ENTRY--TOPICAL TERM | |
| Topical term or geographic name as entry element | Econometrics |
| 700 ## - ADDED ENTRY--PERSONAL NAME | |
| Personal name | Porter, Dawn C. |
| 9 (RLIN) | 39139 |
| 700 ## - ADDED ENTRY--PERSONAL NAME | |
| Personal name | Sangeetha Gunasekar |
| 9 (RLIN) | 39148 |
| 942 ## - ADDED ENTRY ELEMENTS (KOHA) | |
| Source of classification or shelving scheme | Dewey Decimal Classification |
| Item type | English Books |
| Classification part | 330.0182 |
| Call number suffix | DAM |
| Withdrawn status | Lost status | Not for loan | Collection code | Home library | Current library | Date acquired | Source of acquisition | Cost, normal purchase price | Full call number | Barcode | Copy number | Cost, replacement price | Koha item type |
|---|---|---|---|---|---|---|---|---|---|---|---|---|---|
| Non-fiction | Central Library | Central Library | 04/04/2013 | BSB/592/01.01.2013/115/18.12.2012/08.01.2013 | 599.00 | 330.0182 DAM | B-489881 | 1 | 599.00 | English Books | |||
| Not For Loan | Non-fiction | D.B.Act.Division | D.B.Act.Division | 13/01/2012 | d | 599.00 | 330.0182 DAM | EN-88250 | 1 | 599.00 | English Books | ||
| Non-fiction | Sarojini Nagar | Sarojini Nagar | 04/04/2013 | BSB/592/01.01.2013/115/18.12.2012/08.01.2013 | 599.00 | 330.0182 DAM | B-489882 | 1 | 599.00 | English Books | |||
| Non-fiction | Sarojini Nagar | Sarojini Nagar | 24/06/2013 | UBH/029/15.5.13/DPL/ZLS/RP/2013-14/1/156/15.5.13/20.5.13 | 625.00 | 330.0182 DAM | B-524240 | 1 | 625.00 | English Books | |||
| Non-fiction | Shahdara Branch | Shahdara Branch | 04/04/2013 | BSB/592/01.01.2013/115/18.12.2012/08.01.2013 | 599.00 | 330.0182 DAM | B-489884 | 1 | 599.00 | English Books | |||
| Non-fiction | Vinoba Puri | Vinoba Puri | 04/04/2013 | BSB/592/01.01.2013/115/18.12.2012/08.01.2013 | 599.00 | 330.0182 DAM | B-489883 | 1 | 599.00 | English Books |
